00555pam a2200169 a 4500020003200000040000800032082002600040245009300066260005700159300003400216650001600250650002900266650003300295650001600328650002200344700001900366 a0801848911 (acidfree paper) cDLC00a338 JOH 1995 A072 Co.00aInduced innovation theory and international agricultural development :ba reassessment / aBaltimore :bJohns Hopkins University Press,cc1995. aviii, 190 p. :bill.c;24 cm. 0aAgriculture 0aAgricultural innovations 0aAgricultural diversification 0aFood supply 0aGreen Revolution.1 aKoppel, Bruce.